[Event "S.W.I.F.T. world blitz championship"]
[Site "Brussels"][Source "chess-db.com"]
[Date "1987.??.??"]
[Round "?"]
[White "Sosonko, Gennadi"]
[Black "Short, Nigel David"]
[WhiteElo "2545"]
[BlackElo "2615"]
[Result "1/2-1/2"]

1. d4 e6 2. Nf3 f5 3. g3 Nf6 4. Bg2 d5 5. O-O Bd6 6. c4 c6 7. b3 Qe7 8. Bb2 Nbd7 9. Qc1 O-O 10. Ba3 a5 11. Bxd6 Qxd6 12. Qa3 Qxa3 13. Nxa3 b6 14. Rac1 Bb7 15. Rfd1 Ne4 16. Ne1 c5 17. cxd5 exd5 18. Nd3 Rac8 19. dxc5 bxc5 20. Nf4 Nb6 21. Bxe4 fxe4 22. Ne6 Rf6 23. Nf4 g5 24. Ng2 a4 25. Nb5 axb3 26. axb3 d4 27. b4 cxb4 28. Rxc8+ Nxc8 29. Nxd4 Rd6 30. Ne3 Ne7 31. Nc4 Rd5 32. e3 Nc6 33. Nb6 Rd8 34. Na4 Ne5 35. Nc5 Ba8 36. Ra1 Nf3+ 37. Kf1 Nxd4 38. exd4 Bd5 39. Ra4 Rb8 40. Nd7 Rb5 41. Nf6+ Kf7 42. Nxd5 Rxd5 43. Rxb4 Kg6 44. Ke2 Kf5 45. Ke3 Kg4 46. Rb7 h5 47. Kxe4 Rd8 48. d5 Kh3 49. Rh7 h4 50. gxh4 gxh4 51. Ke5 Rf8 52. Kd4 Rxf2 53. d6 Rxh2 54. d7 Rd2+ 55. Ke5 Kg3 56. Ke6 h3 57. Rg7+ Kf3 58. Rf7+ Kg3 59. Rf5 Rxd7 60. Kxd7 h2 

1/2-1/2

[Event "S.W.I.F.T. world blitz championship"]
[Site "Brussels"][Source "chess-db.com"]
[Date "1987.??.??"]
[Round "?"]
[White "Torre, Eugenio"]
[Black "Short, Nigel David"]
[WhiteElo "2540"]
[BlackElo "2615"]
[Result "0-1"]

1. Nf3 d5 2. d4 Bg4 3. Bf4 Nc6 4. Nbd2 e6 5. c3 Bd6 6. e3 Bxf4 7. exf4 Qd6 8. Qb3 f6 9. g3 O-O-O 10. Bg2 Nge7 11. O-O h6 12. Rfe1 g5 13. fxg5 hxg5 14. Nf1 Kb8 15. Qc2 Bf5 16. Qe2 Ng6 17. Ne3 Be4 18. Nf1 g4 19. N3d2 f5 20. Nxe4 dxe4 21. Ne3 Qd7 22. Nf1 Rh6 23. Rad1 Rdh8 24. Qe3 Qh7 25. d5 Nce5 26. dxe6 Nf3+ 27. Bxf3 gxf3 28. Rd7 Rxh2 29. Rd8+ Rxd8 

0-1

[Event "S.W.I.F.T. world blitz championship"]
[Site "Brussels"][Source "chess-db.com"]
[Date "1987.??.??"]
[Round "?"]
[White "Short, Nigel David"]
[Black "Sosonko, Gennadi"]
[WhiteElo "2615"]
[BlackElo "2545"]
[Result "1-0"]

1. e4 c5 2. Nf3 d6 3. d4 cxd4 4. Nxd4 Nf6 5. Nc3 g6 6. Be3 Bg7 7. f3 Nc6 8. Qd2 O-O 9. Bc4 Bd7 10. O-O-O Rc8 11. Bb3 Ne5 12. h4 Nc4 13. Bxc4 Rxc4 14. h5 Nxh5 15. g4 Nf6 16. Bh6 Nxe4 17. Qe3 Rxc3 18. bxc3 Nf6 19. Bxg7 Kxg7 20. Rh2 Rg8 21. Ne2 Qa5 22. Ng3 Kf8 23. c4 Qxa2 24. g5 Nh5 25. Nxh5 gxh5 26. Rxh5 Qxc4 27. Rxh7 Bf5 28. Rh2 Qa4 29. Re2 Qa1+ 30. Kd2 Qa5+ 31. c3 e6 32. Ke1 Rh8 33. Rxd6 Qa1+ 34. Kf2 Qh1 35. Rd8+ Ke7 36. Qc5+ Kxd8 37. Rd2+ Ke8 38. Qc8+ 

1-0

[Event "S.W.I.F.T. world blitz championship"]
[Site "Brussels"][Source "chess-db.com"]
[Date "1987.??.??"]
[Round "?"]
[White "van der Wiel, John"]
[Black "Short, Nigel David"]
[WhiteElo "2590"]
[BlackElo "2615"]
[Result "1-0"]

1. e4 e6 2. d4 d5 3. Nd2 b6 4. Ngf3 Nf6 5. e5 Ne4 6. Bb5+ c6 7. Bd3 Nxd2 8. Bxd2 Ba6 9. Bg5 Be7 10. h4 h6 11. Bxe7 Qxe7 12. Kf1 O-O 13. Rh3 c5 14. Rg3 c4 15. Be2 f5 16. exf6 Qxf6 17. c3 Nc6 18. Qc2 Rae8 19. Re1 Bc8 20. Bd1 Bd7 21. Qg6 Qxg6 22. Rxg6 Rf6 23. Bc2 Ref8 24. h5 Be8 25. Rxf6 Rf7 26. Ba4 Kf8 27. Bxc6 Bxc6 28. Ne5 Be8 29. g4 

1-0

[Event "S.W.I.F.T. world blitz championship"]
[Site "Brussels"][Source "chess-db.com"]
[Date "1987.??.??"]
[Round "?"]
[White "Short, Nigel David"]
[Black "Torre, Eugenio"]
[WhiteElo "2615"]
[BlackElo "2540"]
[Result "1-0"]

1. e4 d6 2. d4 Nf6 3. Nc3 g6 4. Be3 Bg7 5. Qd2 c6 6. O-O-O Nbd7 7. f3 Qa5 8. g4 b5 9. Kb1 Nb6 10. Bd3 Rb8 11. h4 h5 12. g5 Nfd7 13. f4 Nc4 14. Bxc4 bxc4 15. Ka1 Nb6 16. Nge2 Bg4 17. Rhf1 e6 18. Rde1 O-O 19. Ng3 Na4 20. Nxa4 Qxa4 21. f5 exf5 22. exf5 gxf5 23. Nxf5 Qb5 24. Ne7+ Kh8 25. Qc3 Rb7 26. Bf4 c5 27. Bxd6 cxd4 28. Qa3 d3 29. Be5 d2 30. Ng6+ fxg6 

1-0

[Event "S.W.I.F.T. world blitz championship"]
[Site "Brussels"][Source "chess-db.com"]
[Date "1987.??.??"]
[Round "?"]
[White "Tāls, Mihails"]
[Black "Torre, Eugenio"]
[WhiteElo "2605"]
[BlackElo "2540"]
[Result "0-1"]

1. e4 d6 2. d4 Nf6 3. Nc3 g6 4. Be3 c6 5. Qd2 Nbd7 6. O-O-O Qa5 7. Kb1 b5 8. Bd3 Nb6 9. Nd5 Qxd2 10. Nxf6+ exf6 11. Rxd2 Nc4 12. Bxc4 bxc4 13. Ne2 f5 14. Nc3 Be7 15. Bh6 fxe4 16. d5 c5 17. Nxe4 Bf5 18. Re1 Kd8 19. Ng3 Bd7 20. Bg7 Re8 21. Bc3 Kc7 22. Ba5+ Kb7 23. Ne4 f5 24. Ng3 Bh4 25. Rde2 Rxe2 26. Rxe2 Re8 27. Rxe8 Bxe8 28. Kc1 Bf7 29. f3 Bxd5 30. Kd2 Bg5+ 31. Kd1 Bf4 32. Bc3 Bc6 33. Bd2 Be5 34. c3 d5 35. Nf1 d4 36. Ke2 Bd5 37. Ng3 Kc6 38. Nf1 a5 39. Ng3 a4 40. a3 Kd7 41. Kd1 Ke6 42. Ke2 h5 43. Nf1 h4 44. h3 Bc6 45. Bc1 Bf4 46. Bd2 Ke5 47. Ke1 Bd7 48. Ke2 g5 49. Ke1 g4 50. hxg4 fxg4 51. fxg4 Bxg4 52. Bxf4+ Kxf4 53. Nd2 Be6 54. Kf2 Bd5 55. Nf1 Be4 56. Nd2 Bd5 57. Nf1 Ke4 58. Ke2 d3+ 59. Kf2 d2 60. Nxd2+ Kd3 61. Nf1 Kc2 62. Ne3+ Kxb2 63. Nxd5 Kxa3 64. Nb6 Kb3 65. Nxa4 Kxa4 

0-1

[Event "S.W.I.F.T. world blitz championship"]
[Site "Brussels"][Source "chess-db.com"]
[Date "1987.??.??"]
[Round "?"]
[White "van der Wiel, John"]
[Black "Torre, Eugenio"]
[WhiteElo "2590"]
[BlackElo "2540"]
[Result "1-0"]

1. e4 d6 2. d4 Nf6 3. Nc3 g6 4. Nf3 Bg7 5. h3 O-O 6. Be3 c6 7. a4 Nbd7 8. a5 e5 9. dxe5 dxe5 10. Bc4 Qe7 11. O-O Nc5 12. Nd2 Rd8 13. Qe2 Ne6 14. Bxe6 Bxe6 15. Nb3 Nh5 16. Rfd1 Nf4 17. Qf3 Bxb3 18. cxb3 Ne6 19. Rxd8+ Qxd8 20. b4 Nd4 21. Bxd4 exd4 22. Rd1 Qe7 23. Na2 Re8 24. Re1 f5 25. Qb3+ Qf7 26. Qxf7+ Kxf7 27. f3 fxe4 28. fxe4 Bf8 29. Kf2 Ke6 30. Ke2 Re7 31. Rf1 Bh6 32. Kd3 Ke5 33. Nc1 Bxc1 34. Rxc1 Rf7 35. Rc5+ Kd6 36. Rc2 Ke5 37. b5 Rf6 38. bxc6 Rxc6 39. Rxc6 bxc6 40. a6 c5 41. b3 h6 42. g3 g5 43. g4 Kf4 44. b4 

1-0

[Event "S.W.I.F.T. world blitz championship"]
[Site "Brussels"][Source "chess-db.com"]
[Date "1987.??.??"]
[Round "?"]
[White "Torre, Eugenio"]
[Black "Tāls, Mihails"]
[WhiteElo "2540"]
[BlackElo "2605"]
[Result "1-0"]

1. d4 Nf6 2. Nf3 e6 3. c4 d5 4. Nc3 Bb4 5. Bg5 h6 6. Bxf6 Qxf6 7. cxd5 exd5 8. a3 Bxc3+ 9. bxc3 c5 10. e3 Nc6 11. Be2 O-O 12. O-O Be6 13. Qa4 Qe7 14. Rfd1 Rac8 15. Rab1 Rc7 16. Bb5 Bf5 17. Rb2 cxd4 18. cxd4 Rfc8 19. Rbd2 Bg4 20. Be2 b6 21. Qb3 Qd6 22. Qa2 Na5 23. Ne5 Bxe2 24. Rxe2 Rc3 25. a4 Ra3 26. Qb1 Rxa4 27. Nxf7 Qb4 28. Qg6 Rc6 29. Nxh6+ Kh8 30. Qe8+ Kh7 31. Nf5 Rf6 32. Qh5+ Kg8 33. Qe8+ Qf8 34. Qxa4 Rxf5 35. Qd7 Nc4 36. Qxa7 Nd6 37. Qxb6 Ne4 38. Qe6+ Kh8 39. Rf1 Rg5 40. Qh3+ Kg8 41. Ra2 Rg6 42. Rfa1 Ng5 43. Qh5 Nf3+ 44. Kh1 Rf6 45. Ra8 Nd2 46. Rxf8+ Rxf8 47. Qxd5+ Kh7 48. Ra7 Rf6 49. Qh5+ Rh6 50. Qf5+ Rg6 51. Ra6 

1-0

[Event "S.W.I.F.T. world blitz championship"]
[Site "Brussels"][Source "chess-db.com"]
[Date "1987.??.??"]
[Round "?"]
[White "van der Wiel, John"]
[Black "Karpov, Anatoly Yevgenyevich"]
[WhiteElo "2590"]
[BlackElo "2710"]
[Result "0-1"]

1. e4 e5 2. Nf3 Nc6 3. Bb5 a6 4. Bxc6 dxc6 5. O-O f6 6. d4 exd4 7. Nxd4 c5 8. Ne2 Qxd1 9. Rxd1 Be6 10. Bf4 Rc8 11. Nbc3 Ne7 12. Nd5 Nxd5 13. exd5 Bf5 14. Rd2 Bd6 15. Bxd6 cxd6 16. Ng3 Bg6 17. h4 h6 18. h5 Bh7 19. Re1+ Kd7 20. Kf1 Rhe8 21. Ne2 Re5 22. Nf4 Rce8 23. Rxe5 Rxe5 24. f3 Bg8 25. Kf2 b5 26. a3 a5 27. c3 Bf7 28. g4 f5 29. Re2 Ke7 30. gxf5 Rxe2+ 31. Kxe2 Kf6 32. Ne6 Bxh5 33. Nd8 Ke5 34. c4 bxc4 35. Nc6+ Kxd5 36. Nxa5 Be8 37. Ke3 Bb5 38. Nb7 h5 39. Kf4 Bd7 40. Nd8 h4 41. Nf7 h3 42. Kg3 Bxf5 43. a4 Kc6 44. a5 d5 45. a6 Kb6 46. Nd6 Bd7 47. f4 Kxa6 48. f5 Kb6 49. Kxh3 Kc6 50. Nf7 Bxf5+ 51. Kg3 d4 52. Kf4 Bc2 53. Ne5+ Kd5 54. Nd7 c3 55. bxc3 dxc3 56. Ke3 Kd6 57. Nb6 Bb3 58. Kd3 c2 59. Kd2 

0-1

[Event "S.W.I.F.T. world blitz championship"]
[Site "Brussels"][Source "chess-db.com"]
[Date "1987.??.??"]
[Round "?"]
[White "Torre, Eugenio"]
[Black "Karpov, Anatoly Yevgenyevich"]
[WhiteElo "2540"]
[BlackElo "2710"]
[Result "1/2-1/2"]

1. d4 Nf6 2. Nf3 e6 3. c4 d5 4. g3 Bb4+ 5. Bd2 Be7 6. Bg2 O-O 7. O-O c6 8. Qc2 b6 9. b3 Bb7 10. Nc3 dxc4 11. bxc4 c5 12. dxc5 Bxc5 13. Rfd1 Qc8 14. Bf4 Nbd7 15. Rd2 Re8 16. Rad1 e5 17. Bg5 e4 18. Nd4 h6 19. Bf4 Ne5 20. Qb3 Ng6 21. Be3 Ng4 22. Bh3 h5 23. Nd5 Qd8 24. Nb5 Nxe3 25. Nxe3 Qg5 26. Nc7 Kh7 27. Nxa8 Rxa8 28. Rd7 Bc6 29. Rxf7 Ne5 30. Rf5 Qe7 31. Qc3 Re8 32. Rxh5+ Kg8 33. Nf5 Qf6 34. Kf1 a5 35. Nd4 Ba4 36. Rd2 Nc6 37. Rf5 Bxd4 38. Qa3 Qe7 39. Qxa4 e3 40. fxe3 Qxe3 41. Rxd4 Nxd4 42. Rf2 Nxe2 43. Qd7 Nd4 44. Qf7+ Kh8 45. Qh5+ Kg8 46. Qf7+ 

1/2-1/2

[Event "S.W.I.F.T. world blitz championship"]
[Site "Brussels"][Source "chess-db.com"]
[Date "1987.??.??"]
[Round "?"]
[White "Sosonko, Gennadi"]
[Black "Karpov, Anatoly Yevgenyevich"]
[WhiteElo "2545"]
[BlackElo "2710"]
[Result "1/2-1/2"]

1. d4 Nf6 2. c4 e6 3. g3 d5 4. Bg2 Bb4+ 5. Bd2 Be7 6. Nf3 O-O 7. O-O c6 8. Bf4 b6 9. Nc3 Ba6 10. cxd5 cxd5 11. Rc1 Qe8 12. Ne5 Bb7 13. Qa4 Qxa4 14. Nxa4 Na6 15. a3 Rac8 16. Nc3 Nc7 17. Nd3 Nfe8 18. Rfd1 Nd6 19. a4 Rfd8 20. Bxd6 Bxd6 21. Nb5 Nxb5 22. axb5 a6 23. bxa6 Bxa6 24. Bf1 Bb5 25. e3 Be8 26. Rxc8 Rxc8 27. Rc1 Rxc1 28. Nxc1 Kf8 29. Bd3 f6 30. Na2 h6 31. Nc3 Ke7 32. f4 g5 33. Kf2 Bb4 34. f5 Bd7 35. fxe6 Bxe6 36. Bc2 Kd6 37. Bb3 Kc6 38. Ne4 Be7 39. Nc3 b5 40. e4 Bd7 41. Bxd5+ Kd6 42. Bb3 Bd8 43. Ke3 Bb6 44. Nd5 Bd8 45. Nb4 Ba5 46. Nd3 Bb6 47. e5+ fxe5 48. Nxe5 Be8 49. Bf7 Bc6 50. Bb3 Be8 51. Nf7+ Bxf7 52. Bxf7 

1/2-1/2

[Event "S.W.I.F.T. world blitz championship"]
[Site "Brussels"][Source "chess-db.com"]
[Date "1987.??.??"]
[Round "?"]
[White "Larsen, Bent"]
[Black "Korchnoi, Viktor Lvovich"]
[WhiteElo "2565"]
[BlackElo "2625"]
[Result "1/2-1/2"]

1. d4 Nf6 2. c4 e6 3. Nf3 b6 4. g3 Ba6 5. b3 Bb7 6. Bg2 Bb4+ 7. Bd2 a5 8. O-O O-O 9. Nc3 Ne4 10. Nxe4 Bxe4 11. a3 Be7 12. Bc3 d6 13. Qd2 Nd7 14. b4 axb4 15. axb4 Nf6 16. Rxa8 Qxa8 17. Ra1 Qc6 18. Qa2 b5 19. c5 Ra8 20. Qxa8+ Qxa8 21. Rxa8+ Bxa8 22. Nd2 Bxg2 23. Kxg2 Nd5 24. Nb1 f5 25. Bd2 c6 26. f3 dxc5 27. dxc5 Bf6 28. e4 fxe4 29. fxe4 Ne7 30. Kf3 Ng6 31. Bf4 Kf7 32. Bd6 Bb2 33. Ke3 Kf6 34. Kd3 Ne5+ 35. Bxe5+ Bxe5 36. Nd2 h5 37. Nf3 Bc7 38. Nd4 h4 39. gxh4 Bxh2 40. Nxc6 Bg3 41. h5 Be1 42. Na7 Bxb4 43. c6 Ba5 44. Nxb5 Ke7 45. e5 Be1 46. Ke4 Bg3 47. Nd4 Bh2 48. c7 Kd7 49. Nxe6 Bg3 50. Nxg7 Kxc7 51. h6 Be1 52. h7 Bc3 53. h8=Q Bxe5 54. Kxe5 Kc6 55. Ne6 Kb5 56. Qh4 Kb6 57. Qc4 Kb7 58. Kd6 Kb8 59. Qa6 

1/2-1/2